Luci ed ombre della riforma universitaria. Governance, meritocrazia e baronie

Detalles Bibliográficos
Autor principal: Capriglione, Francesco
Formato: Libro
Lenguaje:italiano
Publicado: [Bari] : Cacucci Editore, 2010.
Materias:
Acceso en línea:Acceso restringido

MARC

LEADER 00000nam a2200000 a 4500
005 20110518131621.0
008 101118s2010 it 000 ita d
020 |a 9788884229724 
035 |a 5445 
040 |a BUS  |d vLex 
090 |c 2103  |d 2103 
100 1 |a Capriglione, Francesco. 
245 1 0 |a Luci ed ombre della riforma universitaria. Governance, meritocrazia e baronie  |h [Recurso electrn̤ico] /  |c Francesco Capriglione. 
256 |a Servicio en ln̕ea. 
260 |a [Bari] :  |b Cacucci Editore,  |c 2010. 
300 |a 1 recurso electrn̤ico 
506 1 |a Contenido solo disponible en los productos indicados  |d vLex Global  |d vLex Global (Academic Edition, excluding Law Schools)  |d vLex Global (U.S. Academic Edition, Law Schools)  |d vLex Global (U.S. Academic Edition, excluding Law Schools)  |d vLex Global (Academic Edition, Law Schools) 
650 0 4 |a Universidades  |z Italia  |x Legislacin̤. 
740 0 |a vLex Libros (Servicio en ln̕ea) 
856 |u http://vlex.com/source/luci-ombre-riforma-universitaria-5445  |z Acceso restringido 
942 |c BOOK